Успехи химии в синтезе новых биологически активных соединений на основе акридина; Успехи химии в создании новых биологически активных соединений

Detalles Bibliográficos
Parent link:Успехи химии в создании новых биологически активных соединений.— 1998.— С. 155-162
Autor Principal: Печенкин А. Г.
Outros autores: Бакибаев А. А. Абдигали Абдиманапович
Idioma:ruso
Publicado: 1998
Subjects:
Formato: MixedMaterials Capítulo de libro
KOHA link:https://koha.lib.tpu.ru/cgi-bin/koha/opac-detail.pl?biblionumber=197439

MARC

LEADER 00000naa2a2200000 4500
001 197439
005 20231031183456.0
035 |a (RuTPU)RU\TPU\book\215371 
035 |a RU\TPU\book\215369 
090 |a 197439 
100 |a 20110610d1998 k y0rusy50 ca 
101 0 |a rus 
102 |a RU 
200 1 |a Успехи химии в синтезе новых биологически активных соединений на основе акридина  |f А. Г. Печенкин , А. А. Бакибаев 
320 |a Библиогр.: 12 назв. 
463 0 |0 (RuTPU)RU\TPU\book\7309  |y 5895030297  |t Успехи химии в создании новых биологически активных соединений  |f Томский политехнический университет, ХТФ; под ред. А. А. Бакибаева  |v С. 155-162  |d 1998  |p 190 с. 
610 1 |a труды учёных ТПУ 
700 1 |a Печенкин  |b А. Г. 
701 1 |a Бакибаев  |b А. А.  |c химик  |c профессор Томского политехнического университета, доктор химических наук  |f 1960-  |g Абдигали Абдиманапович  |2 stltpush  |3 (RuTPU)RU\TPU\pers\27073 
801 1 |a RU  |b 63413507  |c 20110610 
801 2 |a RU  |b 63413507  |c 20110615  |g RCR 
942 |c BK